000 00455nam a2200169 4500
003 DO-SdBNP
005 20180212090229.0
008 161123b1992 xxu||||| |||| 00| 0 spa d
020 _a0060210281
040 _aBPMSU
_bspa
_cBPMSU
100 _aWise Brown, Margaret
245 _aA child“s good naght book /
_cWise Brown, Margaret
300 _a16 p.
_bNew York ,
_c1992
942 _2ddc
_cBK
945 _ainventariado,2018 / dg
956 _adgarcia
999 _c12070
_d12070